MDQL
is popping MORE tags! Check the
thread
!
Quizzes
Events
Quiz Creation
Community
Videos
Private Events
Remove Ads
Sign In
Join for FREE
Feedback
Dark Mode
Quiz Categories
Sports
Geography
Music
Movies
Television
Just For Fun
Miscellaneous
History
Literature
Language
Science
Gaming
Entertainment
Religion
Holiday
For Kids
Quiz Lab
Recent
Popular Today
Quiz Kudos Today
Editor Picks
Curator Picks
Quizzes by...
Day
Popularity
Type
Ratings
Length
Year
Community
Subscriptions
Recent Discussions
Orange Saloon
Badges
Playlists
Quests
Create
Leaderboards
Showdown
Live 5
Trivia Bingo
Activity
Puzzle Library
Sporcle Events
Private Events
Virtual Trivia
Globe League
Become a Host
Pub Owners
SporcleCon
Opinionation
Our Games
Videos
Blog
Mobile Apps
Partnerships
Remove Ads and Go Orange
Feedback
Sports
Athletes
MLB
NBA
NHL
NFL
Soccer
Sports Teams
WWE
NCAA
Football
Premier League
Basketball
Baseball
Hockey
Golf
Tennis
Cricket
Rugby
Auto Racing
Olympics
World Cup
Sports
Athletes
MLB
NBA
NHL
NFL
Soccer
Sports Teams
WWE
NCAA
Football
Premier League
Basketball
Baseball
Hockey
Golf
Tennis
Cricket
Rugby
Auto Racing
Olympics
World Cup
Random Quiz
Search Sporcle
×
Quiz Lab
Quiz Lab
Sports
NCAA
Type in answers that appear in a list
Type in answers that appear in a list
Classic
Best Score? Go Orange.
Active NFL Players via Urban Meyer Stats
Can you name the active NFL players who played under Urban Meyer (as Head Coach)?
By
b_dub333
10m
34 Questions
271 Plays
271 Plays
271 Plays
Comments
Comments
Give Quiz Kudos
Give Quiz Kudos
-
- Ratings
hide this ad
More Info
Random Order
Randomize order of answers
Randomize order of answers
Replay
Link that replays current quiz
Next Quiz
Link to next quiz in quiz playlist
You Got
0%
They Got
Avg Score
15%
Avg Friend Score
Upgrade to see
Score Distribution
Jump to the score distribution portion of the page
Score
0/34
Timer
10:00
0
Plays Today
College Team
Player
% Correct
Florida Gators
Tim Tebow
82.3%
Utah Utes
Alex Smith
65.3%
Florida Gators
Percy Harvin
49.1%
Florida Gators
Aaron Hernandez
41.7%
Florida Gators
Mike Pouncey
32.1%
Florida Gators
Maurkice Pouncey
31.4%
Florida Gators
Brandon Spikes
31%
Florida Gators
Joe Haden
28.8%
Florida Gators
Carlos Dunlap
19.9%
Florida Gators
Riley Cooper
18.8%
Florida Gators
Reggie Nelson
18.5%
Florida Gators
David Nelson
12.9%
Florida Gators
Major Wright
10.3%
Florida Gators
Derrick Harvey
8.9%
Florida Gators
Andre Caldwell
8.5%
Florida Gators
Louis Murphy
8.5%
Florida Gators
Ahmad Black
8.1%
College Team
Player
% Correct
Florida Gators
Jermaine Cunningham
8.1%
Florida Gators
Jarvis Moss
7.7%
Florida Gators
Cam Newton
5.7%
Florida Gators
Marcus Gilbert
5.5%
Florida Gators
Marcus Thomas
4.8%
Utah Utes
Eric Weddle
4.4%
Florida Gators
Ray McDonald
4.4%
Florida Gators
Brandon Siler
3.7%
Florida Gators
Chas Henry
3%
Bowling Green Falcons
Shaun Suisham
1.8%
Florida Gators
Maurice Hurt
1.8%
Utah Utes
Chris Kemoeatu
1.5%
Florida Gators
Justin Trattou
1.5%
Utah Utes
Paul Soliai
1.1%
Florida Gators
Jeremy Mincey
1.1%
Utah Utes
Sione Pouha
0.7%
Utah Utes
Jonathan Fanene
0.4%
Quiz Playlist
Details
Report
Send in Message
Add To Playlist
More Info:
Name the current NFL players who played under Urban Meyer while head coach at Bowling Green, Utah, & Florida.
Classic:
Type in answers that appear in a list
Random Order:
Randomize order of answers
Last Updated: Feb 16, 2017
Quiz Scoreboard
CHALLENGE
Sign Up to Join the Scoreboard
Show All
Scores
Hide
Comments
May contain spoilers
Recently Published
Find the 'City' Movie
by crazypaving
Movies
60s
5x2 Blitz: Bands
by SL_Kpop136
Music
30s
Colored Red Africa Blitz
by spor1
Geography
30s
More to Explore
Quiz From the Vault
Featured Blog Post
14 Easter Pick-up Lines to Find Eggs With
hide this ad
You Might Also Like...
Tags
NCAA Quiz
NFL Quiz
Florida Gators
NCAA Football
utah
Today's Top Quizzes in Sports
Browse Sports
hide this ad
Today's Top Quizzes in NCAA
Browse NCAA
Top Contributed Quizzes in Sports
1
Players with Multiple 50 Home Run Seasons
2
Who Needs Fielders?
3
Criteria MLB: Left Handed Sluggers
4
MLB Players with Two .350 Batting Average Seasons
5
Who Hit More Homers?
6
2020 F1 Drivers Logic Puzzle
7
NBA Teammate Connections
8
Premier League Clubs since 2000 (minefield)
9
MLB Teams by First Game
10
Top 10 NHL Goal Scorers of All Time
Explore More
Trending Topics
Harry Potter
NBA
Marvel
Kpop
Disney
Anime
Crossword
WWE
NFL
Country
Puzzle
Pokémon
The Office
Soccer
Song
hide this ad
More By:
b_dub333
Quiz
Plays
Rating
Category
Featured
Created
MLB Logos with a baseball
542
1.75
Sports
Mar 22, 2012
NCAA FBS teams that DO NOT wear RED
446
3.25
Sports
Dec 13, 2011
Alabama Football National Championship Opponents
418
1.00
Sports
Jan 13, 2012
College World Series Teams 2000-2011
340
1.00
Sports
Feb 12, 2012
Tennessee Sports Teams
281
3.00
Sports
Jan 1, 2012
Go to Creator's Profile
Score Distribution
Quiz Creator Spotlight
b_dub333
Follow
Send a Message
Quizzes Created
-
Created Quiz Play Count
-
More By This Creator
Popular Quizzes Today
1
Find the 'City' Movie
2
5x2 Blitz: Bands
3
Colored Red Africa Blitz
4
Find the US States - No Outlines Minefield
5
The Countries of the World
6
Find the US States
7
9x9 Crossword: Cartoon Network
8
US States
More Sports Quizzes
2000s Sacramento Kings Top Scorers
Quiz Lab
Trending Quizzes
Colored Red Africa Blitz II
Colored Red Europe Blitz I
Colored Red Africa Blitz III
Colored Red Europe Blitz II
Colored Red Europe Blitz III
Recently Updated
Champions League XIs: Real Madrid
pecheneg
Largest US Cities 1790-2010
pecheneg
Rides in Walt Disney World
pecheneg
Most Oscar Losses (Acting)
pecheneg
Beyoncé Albums
pecheneg
Leaping Animals
pecheneg
Reality TV Shows (A-Z)
bhenderson79
Rickey Henderson's Hall of Fame Teammates
pecheneg
Champions League XIs: Arsenal
pecheneg
Quick Pick: Celebrities in WWE's Hall of Fame
aduchscher
Trending Topics
Anime
Harry Potter
Crossword
Disney
Kpop
Marvel
NBA
Song
The Office
Puzzle
Soccer
Pokémon
Country
WWE
NFL
Your Account Isn't Verified!
In order to create a playlist on Sporcle, you need to verify the email address you used during registration. Go to your
Sporcle Settings
to finish the process.
Report this User
Report this user for behavior that violates our
Community Guidelines
.
Details:
Send Report
Go to the Sporcle.com Mobile Site →
Comments